Studies on women abstracts

Detalles Bibliográficos
Nuevo Título:Studies on women and gender abstracts
Formato: Electrónico Seriadas
Lenguaje:inglés
Publicado: [Abingdon, Oxfordshire] : Carfax Pub. Co., [©1983]-©1999.
Materias:
Acceso en línea:Full text available from Research Library: 09/01/1998 to 12/31/1999

MARC

LEADER 00000nas a2200000 a 4500
001 ssj0001122924
003 WaSeSS
005 20200512172242.0
006 m d
007 cr n
008 830425d19831999enkbr sa 0 a0eng c
010 |a  84643700   |z sc 83007556  
015 |a GB8333917  |2 bnb 
016 |a (AMICUS)000003927402 
016 7 |a 014890909  |2 DE-101 
016 7 |a 881587-2  |2 DE-600 
016 7 |a 008881814  |2 Uk 
022 |l 0262-5644  |y 0262-5644 
035 |a (WaSeSS)ssj0001122924 
037 |b Carfax Pub. Co., P.O. Box 25, Abingdon, Oxfordshire OX14 1RW, England 
040 |a GZM  |b eng  |c GZM  |d HUL  |d DLC  |d NST  |d DLC  |d NST  |d DLC  |d NST  |d HUL  |d NST  |d HLS  |d DLC  |d NLGGC  |d OCLCQ  |d BOS  |d OCLCQ  |d GBVCP  |d UKMGB  |d OCLCF  |d OCLCO  |d NLC  |d OCLCQ  |d WaSeSS 
042 |a pcc 
050 0 0 |a HQ1180  |b .S78 
050 1 4 |a Z7962  |b .S78 
082 0 4 |a 305.4  |2 19 
245 0 0 |a Studies on women abstracts  |h [electronic resource]. 
260 |a [Abingdon, Oxfordshire] :  |b Carfax Pub. Co.,  |c [©1983]-©1999. 
310 |a Bimonthly,  |b <1989-> 
321 |a Quarterly,  |b 1983- 
362 0 |a Vol. 1, no. 1-v. 17, no. 6 (1999). 
500 |a Title from cover. 
506 |a License restrictions may limit access. 
650 0 |a Women's studies  |v Abstracts  |v Periodicals. 
650 7 |a Women's studies.  |2 fast  |0 (OCoLC)fst01178850 
650 1 7 |a Vrouwenstudies.  |2 gtt 
653 |a Women  |a Abstracts  |a Serials 
655 0 |a Electronic journals. 
785 0 0 |t Studies on women and gender abstracts  |x 1467-596X  |w (DLC) 00235290  |w (OCoLC)43780294 
850 |a AU  |a AzU  |a CSt  |a CU  |a CU-I  |a CU-Riv  |a CU-S  |a CaOTU  |a CaQMU  |a CoU  |a CtY  |a DLC  |a DeU  |a FU  |a ICU  |a IU  |a KMK  |a MBU  |a MH  |a MH-Ed  |a MNS  |a MiU  |a MnU  |a MoSW  |a NIC  |a NN  |a NNC  |a NjP  |a NjR  |a OU  |a PPiU  |a PU  |a RPB  |a TxU  |a UPB  |a ViU  |a WaU 
856 4 0 |z Full text available from Research Library: 09/01/1998 to 12/31/1999  |u https://search.proquest.com/publication/46358